Arahan perkhidmatan Bab "1" - Bab "8" : (mengandungi semua pindaan hingga 10hb Oktober 1986)
| Format: | Book |
|---|---|
| Published: |
Kuala Lumpur :
International Law Book Services ,
1986
|
| Subjects: |
MARC
| LEADER | 00000cam a2200000 7i4500 | ||
|---|---|---|---|
| 001 | 0000008577 | ||
| 005 | 20201016.0 | ||
| 020 | |a 9678900351 | ||
| 040 | |a INS | ||
| 090 | 0 | 0 | |a KPG2400 |b A28 1986 |
| 245 | 1 | 0 | |a Arahan perkhidmatan Bab "1" - Bab "8" : |b (mengandungi semua pindaan hingga 10hb Oktober 1986) |c compiled by Legal Research Board |
| 260 | |a Kuala Lumpur : |b International Law Book Services , |c 1986 | ||
| 300 | |a 97p ; |c 25cm. | ||
| 650 | 0 | 0 | |a Administrative law |z Malaysia |
| 650 | 0 | 0 | |a Administrative procedure |z Malaysia |
| 999 | |a 0000002980 |b BOOK |c Acts |e Default branch | ||